Slovenian communist legacy: after 25 years of independence of Slovenian nation

Slovinsko je už 25 rokov nezávislé od vtedajšej Juhoslávie, ale vplyv komunizmu je neustále prítomný. Sociálny ani ekonomický prechod nebol úspešný na rozdiel od bývalých socialistických krajín. Komunistická tradícia je v Slovinsku hlboko zakorená. Slovinské chápanie komunizmu, socializmu a transfor...

Ausführliche Beschreibung

Gespeichert in:
Bibliographische Detailangaben
1. Verfasser: Prijon, Lea
Format: Buchkapitel
Sprache:Englisch
Schlagworte:
Tags: Tag hinzufügen
Keine Tags, Fügen Sie das erste Tag hinzu!

MARC

LEADER 00000naa a2200000 4500
001 0234746
005 20220805074422.1
041 0 |a eng 
044 |a SK 
245 1 0 |a Slovenian communist legacy: after 25 years of independence of Slovenian nation  |c Lea Prijon 
520 |a Slovinsko je už 25 rokov nezávislé od vtedajšej Juhoslávie, ale vplyv komunizmu je neustále prítomný. Sociálny ani ekonomický prechod nebol úspešný na rozdiel od bývalých socialistických krajín. Komunistická tradícia je v Slovinsku hlboko zakorená. Slovinské chápanie komunizmu, socializmu a transformácie. 
610 2 0 |a komunizmus 
610 2 0 |a Slovinsko 
610 2 0 |a nezávislosť 
610 2 0 |a socializmus 
610 2 0 |a transformácia 
610 2 0 |a pojmy 
610 2 0 |a politika vnútorná 
100 1 |a Prijon, Lea